The recovery of the Holy Land /

محفوظ في:

المؤلف الرئيسي: Dubois, Pierre, active 1300 (مؤلف)

مؤلفون آخرون: Brandt, Walther I., 1893-1958.

التنسيق: كتاب

اللغة: English
Latin

منشور في: New York : Columbia University Press, 1956.

سلاسل: Records of civilization, sources and studies ; 51.

الموضوعات:

الوسوم: إضافة وسم

لا توجد وسوم, كن أول من يضع وسما على هذه التسجيلة!

رقم الطلب: D152 .D813 1956

LEADER 00913nam a2200277I 4500
001 6617
003 OSt
005 20251126142021.0
008 130303s1956 nyu b 000 0 eng d
010 |a 53010013 
015 |a GB56-17562 
040 |c ARCE Library 
041 1 |a eng  |h lat 
050 4 |a D152 .D813 1956 
100 1 |a Dubois, Pierre,  |d active 1300,  |e author 
245 1 4 |a The recovery of the Holy Land /   |c Translated with an introduction and notes by Walther I. Brandt.  |b   
264 1 |a New York :  |b Columbia University Press,  |c 1956. 
300 |a xvi, 251 pages ;  |c 24 cm. 
490 1 |a Records of civilization : sources and studies ;   |v 51. 
504 |a Bibliography : pages [211]-239. 
650 0 |a Crusades. 
700 1 |a Brandt, Walther I.,   |q (Walther Immanuel),   |d 1893-1958. 
830 0 |a Records of civilization, sources and studies ;  |v 51. 
901 |a reviewed 
942 |c BK  |2 lcc 
999 |c 8017  |d 8017